TAVŞAN İLE KEKLİK (Record no. 1110169)

MARC details
000 -LEADER
sabit uzunluktaki kontrol alanı 00250nam a2200097Ia 4500
001 - KONTROL NUMARASI
kontrol alanı 1110169
005 - EN SON İŞLEMİN TARİH VE ZAMANI
kontrol alanı 20250827003846.0
008 - SABİT-UZUNLUKTA VERİ ÖĞELERİ--GENEL BİLGİ
sabit uzunluktaki kontrol alanı 250824s9999 xx 000 0 und d
245 #0 - ESER / YAZAR
ESER ADI TAVŞAN İLE KEKLİK
Yazar Adı UMAY ATEŞ
260 ## - YAYIN, DAĞITIM, VB.
YAYIN EVİ MODEL ÇOCUK YAYIN EVİ
Holdings
Düşüm durumu Kayıp durumu Hasar Durumu Ödünç verilmez Ana kütüphane Geçerli Kütüphane Edinilen tarih Toplam ödünç verme sayısı Barkod Son görüntüleme tarihi Fiyatın geçerli olmaya başladığı tarih Koha materyal türü
        DİKİLİTAŞ SAHİP ATA İLKOKULU KÜTÜPHANESİ DİKİLİTAŞ SAHİP ATA İLKOKULU KÜTÜPHANESİ 24.08.2025   10703662 27.08.2025 27.08.2025 Books